Rabi Eliʻezer ha-gadol : (Record no. 32126)

MARC details
000 -LEADER
fixed length control field 00896cam a22002651a 4500
001 - CONTROL NUMBER
control field he 67000245
003 - CONTROL NUMBER IDENTIFIER
control field DLC
005 - DATE AND TIME OF LATEST TRANSACTION
control field 20260227111443.0
008 - FIXED-LENGTH DATA ELEMENTS--GENERAL INFORMATION
fixed length control field 870922s1965 is b 000 0 hebr
010 ## - LIBRARY OF CONGRESS CONTROL NUMBER
LC control number he 67000245
025 ## - OVERSEAS ACQUISITION NUMBER
Overseas acquisition number PL480:Is-3001
035 ## - SYSTEM CONTROL NUMBER
System control number (OCoLC)16725621
040 ## - CATALOGING SOURCE
Original cataloging agency DLC
Transcribing agency NNL
Modifying agency NNL
-- WaU
-- DLC
042 ## - AUTHENTICATION CODE
Authentication code premarc
050 00 - LIBRARY OF CONGRESS CALL NUMBER
Classification number BM755.E55
Item number B7
100 1# - MAIN ENTRY--PERSONAL NAME
Personal name Broshi, Z.
Fuller form of name (Zeliḳ),
Dates associated with a name 1907-
245 10 - TITLE STATEMENT
Title Rabi Eliʻezer ha-gadol :
Remainder of title toldot ḥayav ṿe-mishnato /
Statement of responsibility, etc. meʼet Z. Broshi.
260 ## - PUBLICATION, DISTRIBUTION, ETC.
Place of publication, distribution, etc. Tel-Aviv :
Name of publisher, distributor, etc. Sh. Karmilan,
Date of publication, distribution, etc. 745 [1965]
300 ## - PHYSICAL DESCRIPTION
Extent 124 p. ;
Dimensions 22 cm.
500 ## - GENERAL NOTE
General note On verso of t.p.: Rabbi Eliezer ben Hyrcanus the Great; his life and teachings.
500 ## - GENERAL NOTE
General note "Li-noʻar ṿe-li-ʻam."
504 ## - BIBLIOGRAPHY, ETC. NOTE
Bibliography, etc. note Includes bibliographical references.
600 00 - SUBJECT ADDED ENTRY--PERSONAL NAME
Personal name Eliezer ben Hyrcanus.
740 0# - ADDED ENTRY--UNCONTROLLED RELATED/ANALYTICAL TITLE
Uncontrolled related/analytical title Rabbi Eliezer ben Hyrcanus the Great; his life and teachings.

No items available.

Powered by Koha